<?xml version="1.0" encoding="UTF-8"?>
<record
    xmlns:xsi="http://www.w3.org/2001/XMLSchema-instance"
    xsi:schemaLocation="http://www.loc.gov/MARC21/slim http://www.loc.gov/standards/marcxml/schema/MARC21slim.xsd"
    xmlns="http://www.loc.gov/MARC21/slim">

  <leader>01144nam a22002177a 4500</leader>
  <datafield tag="952" ind1=" " ind2=" ">
    <subfield code="0">0</subfield>
    <subfield code="1">0</subfield>
    <subfield code="2">lcc</subfield>
    <subfield code="4">0</subfield>
    <subfield code="7">0</subfield>
    <subfield code="a">11</subfield>
    <subfield code="b">11</subfield>
    <subfield code="d">2015-05-29</subfield>
    <subfield code="l">0</subfield>
    <subfield code="o">LB1032 Z35 2000</subfield>
    <subfield code="p">11 011863</subfield>
    <subfield code="r">2015-05-29</subfield>
    <subfield code="t">1</subfield>
    <subfield code="w">2015-05-29</subfield>
    <subfield code="y">LB</subfield>
  </datafield>
  <datafield tag="999" ind1=" " ind2=" ">
    <subfield code="c">95933</subfield>
    <subfield code="d">95933</subfield>
  </datafield>
  <controlfield tag="008">150225s2000    mx     f |||| 001 0 spa d</controlfield>
  <datafield tag="020" ind1=" " ind2=" ">
    <subfield code="a">9706413103 </subfield>
  </datafield>
  <datafield tag="050" ind1=" " ind2="4">
    <subfield code="a">LB1032</subfield>
    <subfield code="b"> Z35 2000</subfield>
  </datafield>
  <datafield tag="100" ind1=" " ind2=" ">
    <subfield code="a">Zarzar Charur, Carlos</subfield>
    <subfield code="e">autor</subfield>
  </datafield>
  <datafield tag="245" ind1="1" ind2="3">
    <subfield code="a">La did&#xE1;ctica grupal </subfield>
    <subfield code="c">/ Carlos Zarzar Charur </subfield>
  </datafield>
  <datafield tag="260" ind1=" " ind2=" ">
    <subfield code="a">M&#xE9;xico</subfield>
    <subfield code="b"> : Progreso</subfield>
    <subfield code="c">, 2000</subfield>
  </datafield>
  <datafield tag="300" ind1=" " ind2=" ">
    <subfield code="a">256 p&#xE1;ginas</subfield>
  </datafield>
  <datafield tag="500" ind1=" " ind2=" ">
    <subfield code="a">Incluye:
Presentaci&#xF3;n  
Conclusi&#xF3;n</subfield>
  </datafield>
  <datafield tag="504" ind1=" " ind2=" ">
    <subfield code="a">Bibliograf&#xED;a ( pp. 246 - 250)</subfield>
  </datafield>
  <datafield tag="505" ind1=" " ind2=" ">
    <subfield code="a">&#xBF;Qu&#xE9; es la did&#xE1;ctica grupal?  
Tres teor&#xED;as sobre grupos  
La din&#xE1;mica de los grupos de aprendizaje desde un enfoque operativo   
Caracter&#xED;sticas de los grupos efectivos  
La regla de oro del coordinador de grupos  
Maneras de trabajar un tema en grupos  
Reflexiones de un coordinador de grupos  
C&#xF3;mo coordino un grupo de aprendizaje  
Los errores m&#xE1;s comunes del coordinador de grupos de aprendizaje  
Criterios para evaluar a un coordinador de grupos</subfield>
  </datafield>
  <datafield tag="519" ind1=" " ind2=" ">
    <subfield code="a">Material complementario / </subfield>
    <subfield code="b">Pedagog&#xED;a / </subfield>
    <subfield code="d">(11 011863)</subfield>
  </datafield>
  <datafield tag="650" ind1="1" ind2="0">
    <subfield code="a">TRABAJOS DE GRUPOS (EDUCACI&#xD3;N)</subfield>
  </datafield>
  <datafield tag="650" ind1="1" ind2="0">
    <subfield code="a">GRUPOS DE APRENDIZAJE</subfield>
  </datafield>
  <datafield tag="650" ind1="1" ind2="0">
    <subfield code="a">GRUPOS </subfield>
    <subfield code="x">TEOR&#xCD;AS DE</subfield>
  </datafield>
  <datafield tag="942" ind1=" " ind2=" ">
    <subfield code="c">LB</subfield>
  </datafield>
</record>
